Solve the Secret Capital City #2 - Statistics

General Stats
  • This quiz has been taken 15,061 times
  • The average score is 15 of 27
Answer Stats
Scramble Capital City % Correct
ASUV Suva
95%
LOOS Oslo
94%
AFIOS Sofia
93%
BEGIIJN Beijing
92%
IOQTU Quito
88%
EJKOPS Skopje
84%
AAAJKRT Jakarta
83%
AEINNV Vienna
83%
ABKLU Kabul
82%
AGGNNOPYY Pyongyang
66%
BELRSSSU Brussels
63%
ABIINOR Nairobi
51%
AENRY Yaren
50%
AHINO Hanoi
47%
AANSSU Nassau
46%
BDIIJOTU Djibouti
45%
AAAHNV Havana
45%
AAABIMOPRR Paramaribo
41%
IILOPRT Tripoli
40%
AACEGGILPTU Tegucigalpa
33%
AADGGOOOUUU Ouagadougou
30%
AAGINOST Santiago
23%
AEEIINNTV Vientiane
20%
AHKMORTU Khartoum
18%
EGILLNNOTW Wellington
18%
Secret Capital City BELGRADE
15%
GIKNNOSTW Kingstown
15%
No matching quizzes found
Score Distribution
Percent of People with Each Score
Percentile by Number Answered
Your Score History
You have not taken this quiz